Socialistická ekonomická integrace

Salvato in:
Dettagli Bibliografici
Natura: Periodico
Lingua:ceco
Pubblicazione: Praha Československá tisková kancelář
Tags: Aggiungi Tag
Nessun Tag, puoi essere il primo ad aggiungerne!!

MARC

LEADER 00000nas1a22000001 4500
001 s120773
005 20250826080326.1
041 0 |a cze 
044 |a CZ 
245 1 0 |a Socialistická ekonomická integrace 
264 1 |a Praha  |b Československá tisková kancelář